| 000 | 00800nam a22002537a 4500 | ||
|---|---|---|---|
| 001 | 2506 | ||
| 003 | DO-SdBNP | ||
| 005 | 20221118115823.0 | ||
| 008 | 171107b1980 sp a ||| 00| 0 spa d | ||
| 020 | _a8485298438 | ||
| 040 |
_aBPMSU _bSPA _cBPMSU |
||
| 082 |
_a709.033 _bC762c 1980 _222 |
||
| 100 | 1 | _aConti, Flavio | |
| 245 | 1 | 0 |
_aCómo reconocer el arte Barroco / _cFlavio Conti ; edición española por José Milicua ; traducción Elena de Grau Aznar. |
| 260 |
_aBarcelona : _bMédica y Técnica, _c1980. |
||
| 300 |
_a63 p. : _bil. ; _c20 cm. |
||
| 490 | 0 |
_aComo reconocer el arte _v6 |
|
| 650 | 4 | _aArte barroco | |
| 700 | 1 | 2 |
_aMilicua, José, _eed. |
| 700 | 1 | 2 |
_aGrau Aznar, Elena de, _etr. |
| 830 | 0 |
_aComo reconocer el arte _v6 |
|
| 910 | _aLOPEREZ/VMateo V./Validado | ||
| 942 |
_2ddc _cBK |
||
| 999 |
_c12766 _d12766 |
||